Star Wars: The High Republic Characters - Statistics

General Stats
  • This quiz has been taken 6 times
  • The average score is 61 of 497
Answer Stats
Hint Answer % Correct
Jedi Grand Master, has long ears and green skin Yoda
100%
Droid of above, yellow with two wheels B-333
80%
Human Jedi Marshal of Starlight Beacon Avar Kriss
60%
Human Jedi Master, fought on Jedha Creighton Sun
60%
Human Jedi Master, in love with individual below Elzar Mann
60%
Human Jedi Padawan, trained by a Mirialan Imri Cantaros
60%
Protocol droid who looks out for the above individual J-6
60%
Togruta Jedi Master, killed in her vector by the Nihil Jora Malli
60%
Human Jedi Knight, trained under a Trandoshan Keeve Trennis
60%
Combat droid, mercenary who is owned by above L-77
60%
Twi'lek Tempest Runner, thought to be the Eye of the Nihil Lourna Dee
60%
Human Jedi Padawan, left the Jedi Order for love Lula Talisola
60%
Evereni Eye of the Nihil, created the Nihil conflict Marchion Ro
60%
Evereni member of the Path of the Open Hand Marda Ro
60%
Thisspiasian Jedi Master, served on the High Council Oppo Rancisis
60%
Ikkrukkian Jedi Master, known as the Blade of Bardotta Porter Engle
60%
QR-unit droid, accompanies a former Tempest Runner Q-4
60%
Human Jedi Padawan, mechanic from Valo Ram Jomaram
60%
Human Jedi Master, trained Theelin Jedi below Sol
60%
Trandoshan Jedi Master, slowly loses his Force abilities Sskeer
60%
Human Jedi Master, perished on Starlight Beacon Stellan Gios
60%
Droid who works for GoNet, accompanies above individual T-9
60%
Droid, owned by mechanic from Valo, heavily modified by Bonbraks V-18
60%
Mirialan Jedi Master, quickest to be knighted at her age Vernestra Rwoh
60%
Droid Nihil who is mostly accompanied by above X-10
60%
Human, member of the Graf family Xylan Graf
60%
Jedi Master who is considered female version of Yoda Yaddle
60%
Quermian Jedi Master, has four arms and long head Yarael Poof
60%
Mirialan general for the Nihil's Ministry of Protection Abediah Viess
40%
Human, member of a witch coven on Brendok Aniseya
40%
Father of the Eye of the Nihil, killed by the Eye Asgar Ro
40%
Human inventor, daughter of the senator from Hosnian Prime Avon Starros
40%
Human scoundrel, son of a chancellor for the Republic Axel Greylark
40%
Human Jedi Knight, scarred after seeing a Nameless Azlin Rell
40%
Ithorian baron for the Nihil's Ministry of Advencement Baron Boolan
40%
Human Jedi Knight, has a pet charhound Bell Zettifar
40%
Wookiee Jedi Knight, close friends with above Burryaga Agaburry
40%
Kotabi Jedi Knight, bond-twin with below Ceret
40%
Human Jedi Master, left the Jedi Order and came back Cohmac Vitus
40%
Muun, trained above, also trained Palpatine in future years Darth Plageuis
40%
Besalisk who has yet to own a diner on Coruscant Dexter Jettster
40%
Human Jedi Master, killed by Nihil near Port Haileap Douglas Sunvale
40%
Charhound, pet within the Jedi Order Ember
40%
Kessurian Jedi Master, in charge of operations on Starlight Beacon Estala Maru
40%
Zygerrian Jedi Knight of above Farzala Tarabal
40%
Vintian, navigator and repairman for the Vessel Geode
40%
Human senator from Hosnian Prime, lover of the Eye Ghirra Starros
40%
Human Jedi Master, killed by a Sith assassin on Ueda Indara
40%
Tholothian Jedi Knight, took on a Jedi after their master died Indeera Stokes
40%
Human senator who represents Serenno in the Senate Izzet Noor
40%
Human Jedi Master, trained a Padawan till she left for love Kantam Sy
40%
Quarren Tempest Runner in the Nihil Kara Xoo
40%
Wookiee Jedi Master, fought the Nihil, killed on Khofar by a Sith Kelnacca
40%
Pantoran Jedi Padawan of above, perished on Dalna Kevmo Zink
40%
Chadra-Fan doctor who leaves the Nihil Kisma Uttersond
40%
Human Nihil who hunts down survivors on Wevo Klinith Da
40%
Human, pilot of the Ace of Staves, perished on Starlight Beacon Koley Linn
40%
Human chancellor for the Republic, steps down because of son Kyong Greylark
40%
Sister of above, trapped in an area on Palagosal Lexi Greylark
40%
Chancellor of the Republic, known for her two Targons Lina Soh
40%
Twi'lek Jedi Master, perished by Nameless on Grizal Loden Greatstorm
40%
Human, former Sith assassin, sister of below Mae-ho Aniseya
40%
Human, imprisoned by the Nihil, can obtain hyperspace paths with the Force Mari San Tekka
40%
Pirate Queen who resides on Takodana Maz Kanata
40%
Ithorian Jedi Knight, killed by Nihil in his Jedi vector Mikkel Sutmani
40%
Human Jedi Master, trained a Wookiee Jedi Nib Assek
40%
Koorivar, aide and advisor for chancellor with the Targons Norel Quo
40%
Ugor Jedi Archivist, survived Starlight Beacon OrbaLin
40%
Umbaran Jedi Master, perished on Starlight Beacon Orla Jareni
40%
Dowutin Tempest Runner, killed by above Pan Eyta
40%
Human admiral of the Republic Defense Coalition Pevel Kronara
40%
Aloxian Jedi Knight, best friends with above Qort
40%
Duros Jedi Master, died of natural causes while on the High Council Rana Kant
40%
Human Jedi Knight, loves to study in the Archives Reath Silas
40%
Mother of both two above, lost husband in the Stormwall Rina Greylark
40%
Kyuzo Jedi Master, help protect Takodana twice Sav Malagán
40%
Grandma of the Eye of the Nihil, killed by below Shalla Ro
40%
Duros Jedi Knight, killed by Nihil in her Jedi vector Te'Ami
40%
Kotabi Jedi Knight, bond-twin with above Terec
40%
Chagrian Jedi Master, known as Buckets of Blood Torban Buck
40%
Human Jedi Master, willingly killed by a Sith assassin on Olega Torbin
40%
Husband of above, lost behind the Stormwall Trystian Greylark
40%
Human, currently Sith, sister of above Verosha Aniseya
40%
Kiffar Jedi Knight, fought during the Battle of Jedha Vildar Mac
40%
Evereni member of the Path of the Open Hand Yana Ro
40%
Human Jedi Knight, killed on Khofar by a Sith Yord Fandar
40%
Sister of below, helps find her on Palagosal Zenny Greylark
40%
Human Jedi Master, killed by Nameless while on the High Council Ada-Li Carro
20%
Yarkoran Jedi Master, killed by blight while on the High Council Adampo
20%
Human, pilot and owner of the Vessel Affie Hollow
20%
Nikto Jedi Knight, apprentice of above Aida Forte
20%
Human, leader of the Supreme Coronet City Diplomat Protection Alys "Crash" Ongwa
20%
Wookiee Jedi Master, trained above on Banchii Arkoff
20%
Kage Jedi, friend of above and created a famous Vow Barash Silvain
20%
Tynnan, tracker for the Jedi Order on Khofar Bazil
20%
Ugnaught, helps the Jedi in the Stormwall Belin
20%
Mirialan member of the Path of the Open Hand Binnot Ullo
20%
Human, member of the rival family of above, also husband to above Cair San Tekka
20%
Pantoran, monarch of the planet E'ronoh Cassel
20%
Human, member and head the Graf family, has tattoos on face Catriona Graf
20%
Human hyperspace theorist for the Nihil Chancey Yarrow
20%
Cerean Jedi Master, perished on Dalna Char-Ryl-Roy
20%
Hutt, helps the Jedi on the planet Palagosal Churo
20%
Shani, Nihil, later turns bounty hunter Deva Lompop
20%
One of two queens of the planet Eiram Dima
20%
Human, leader of the Path of the Open Hand Elecia Zeveron
20%
Human, member of the Triad, befriended a Nihil Emelsine Tarkin
20%
Human Jedi Master, professional detective in the Jedi Order Emerick Caphtor
20%
Kessarine member of the Path of the Open Hand Er Dal
20%
Grindalid, leader of the Garavult Clan on Corellia Fastidima
20%
Nautolan, captain for the Galactic Republic Finial Bright
20%
Considered to be the head of the Nameless Great Leveler
20%
Aqualish Nihil who hunts down survivors on Wevo Gwishi
20%
Zabrak Nihil who is killed onboard Amaxine Station Hague
20%
Human captain of the Legacy Run, killed during the Hyperspace Disaster Hedda Casset
20%
Human older brother of a Graf family member, owner of the Brightbird Helis Graf
20%
Human, son to deceased ambassador for Dalna Honesty Weft
20%
Droid, almost every Jedi constructs their lightsabers with him Huyang
20%
Lasat, boss of the Directorate, killed by the Jedi Isamer
20%
Theelin Jedi Padawan, killed on Khofar by a Sith Jecki Lon
20%
Chagrian, aide, secret spy for the Nihil Jeni Wataro
20%
Logistics droid, gifted to a Jed from another Jedi JJ-5145
20%
Human, Jedi Initiate, paired with both two below Jon
20%
Human, deputy of Tiikae, in love with above individual Jordanna Sparkburn
20%
Human husband of above, constructor for Starlight Beacon Joss Adren
20%
Human Jedi Initiate, main character in YJA Kai Brightstar
20%
Weequay Tempest Runner, killed by the governor of Eriadu Kassav Milliko
20%
Human technician from Hetzal Prime Keven Tarr
20%
Cerean, Jedi Master situated in the Jedi Temple Ki-Adi-Mundi
20%
Human, lieutenant in the Nihil to two above Kimal Tin
20%
Son of chancellor with Targons Kitrep Soh
20%
Protocol droid, employed under a monster hunter KL-03
20%
Zabrak, member of a witch coven on Brendok Koril
20%
Human, former member of the Triad, disabled Krevlin Tarkin
20%
Former Nihil cell leader, believes he is the favorite of the Eye Krix Kamerat
20%
Human, smug pilot for the Vessel Leox Gyasi
20%
Pantoran Jedi Initiate, friend of above and below Lys Solay
20%
Human, wealthy hyperspace prospector, partner to below Marlowe San Tekka
20%
Red Targon for chancellor above Matari
20%
Twi'lek Jedi Padawan, fought on Jedha and Dalna Matthea Cathley
20%
Mirialan, worker on the Hetzal monitoring satellite Merven Getter
20%
Human spy who works for the Nihil Nan Hague
20%
Human, member of the Triad, brother of a diplomat Navaj Tarkin
20%
Human, old man who joins the Nihil, goes by the nickname Respriler Nomar Tralmat
20%
Frozian Jedi Kngith, perished on Starlight Beacon Nooranbakarakana
20%
Pooba Jedi Initiate, coolest Jedi ever Nubs
20%
Parwan Jedi Master, trained a Zygerrian Jedi Obratuk Glii
20%
Human Jedi Knight, sister of Path of the Open Hand's leader Oliviah Zeveron
20%
Quarren chancellor for the Republic Orlen Mollo
20%
Human wife of below, project manager for Starlight Beacon Pikka Adren
20%
Repair droid, used by a Force-wielding meknek Pip
20%
Grand Theljian snow dog, owned by the Graf family Plinka
20%
Tarnab Jedi Grand Master, captured and killed by the Nihil Pra-Tre Veter
20%
Human pilot, son of above who agrees with his viewpoints Rev Ferrol
20%
Human, journalist who works for GoNet Rhil Dairo
20%
Human Jedi Master, served on the High Council Ry Ki-Sakka
20%
Er'Kit Nihil who caused chaos on Corellia Sabata Krill
20%
Human, hyperspace prospector who operated on Batuu and Jedha Saretha von Beel
20%
Bivall, former owner of the Byne Guild Scover Byne
20%
Human, diplomat from Eriadu, imprisoned by the Nihil Sevran Tarkin
20%
Human Jedi Master, wields a shield in battle Silandra Sho
20%
Fillithar, Jedi Master who is shot down by the Directorate Simmix
20%
Human member of the Graf family, teams up with above Sky Graf
20%
Nautolan Jedi Master, served on the High Council Soleil Agra
20%
Alcedian Jedi Initiate, has a connection to animals Tep Tep
20%
Cosian, Jedi Master, mostly uses a cane Tera Sinube
20%
Human, one of two queens of the planet Eiram Thandeka
20%
Nephran who is mostly known by his name Therm Scissorpunch
20%
Human, Sith trained by a famous Muun The Stranger
20%
Sullustan senator who represents Sullust in the Senate Tia Toon
20%
Human, secretly works alongside the Brotherhood of the Ninth Door on Jedha Tilson Graf
20%
Human, ambassador for the planet E'ronoh on Jedha Tintak
20%
Human, member of the Triad, wears a dead Veermok on head Tragkul Tarkin
20%
Tholothian, monster hunter who left the Jedi Order Ty Yorrick
20%
Talortai, uses the Force while employed by the Nihil Udi Dis
20%
Human, wealthy hyperspace prospector, partner to above Vellis San Tekka
20%
Human, advisor and viceroy to the monarch of E'ronoh Viceroy Ferrol
20%
Yellow Targon for chancellor above Voru
20%
Kel Dor, represents the Matukai in the Convocation of the Force Waran Val
20%
Human, ambassador for the planet Dalna Weft
20%
Nautolan, high ranking member in the Path of the Open Hand Werth Plouth
20%
Gungan, killed by Eriaduan soldiers during the Battle of Kur Wet Bub
20%
Human, princess from the planet E'ronoh, in love with below Xiri A'lbaran
20%
Anx Jedi Grand Master, served on the High Council Xo Lahru
20%
Twi'lek, member of the first family on Aaloth Yudiah Dee
20%
Mikkian, former member of the Elders of the Path, in love with a Jedi Zeen Mrala
20%
Talpini Tempest Runner, uses a mech suit in battle Zeetar
20%
Droid, member of the Supreme Coronet City Diplomat Protection 10-K8
0%
Droid, loves violence, pairs up with the Jedi 5A-G3
0%
Training droid, accompanies all three above Initiates 8D-8D
0%
Human, one of two queens on the planet Eiram Adrialla
0%
Mirialan Jedi Knight, studies artifacts on Batuu Ady Sun'Zee
0%
Human cyborg who works in a pirate gang Alak
0%
Human, monarch for the planet E'ronoh A'lbaran
0%
Human Jedi Padawan, trained by above Amadeo Azzazzo
0%
Mournish Pathfinder medic for the Witherbloom Ambar
0%
Theelin engineer for a Pathfinder team Amos Tillian
0%
Er'Kit, leaves the Nihil after a botched job Andrik Keller
0%
Inleshat, killed by an angry Guardian of the Whills Anst Wozo
0%
Tarnab criminal who joins as a She'ar for the Nihil Arathab Fal
0%
Nautolan, criminal who helps the Jedi Argomon
0%
Geonosian, leader of the Dank Graks Arkik Von
0%
Mercenary, works with the Jedi alongside her droid below Ashton Vol
0%
Wookiee, calls upon the Jedi to assist on Kashyyyk Attichitcuk
0%
Gigoran, member within the Nihil, friends with below Baheeoo
0%
Human, daughter of above, lives on Elphrona Bailen Blythe
0%
Twi'lek, spicerunner who kills all the Twi'leks above Bala Waleen
0%
Eriadu Veermok, pet of a diplomat from Eriadu Balinta
0%
Large high ranking member of the Path of the Open Hand Barbatash
0%
Weequay, member of the Supreme Coronet City Diplomat Protection Barchibar
0%
Er'Kit, sister joins the Nihil Bareen Krill
0%
Human Jedi Master, investigates the Echo Stone Barnabas Vim
0%
Human, adventurous child from Sedri Minor Bartol
0%
Gigoran, body guard for the Graf family Basha
0%
Mother of the leader of the Supreme Coronet City Diplomat Protection Baynoo Ongwa
0%
Chadra-Fan, agent for the Galactic Republic Beesar Tal-Apurna
0%
Human Jedi Padawan of above Benj Marko
0%
Bravaisian Jedi Padawan, perished on Starlight Beacon Bibs
0%
Rodian-like alien, Jedi Padawan who survives Starlight Beacon Bindal Sep
0%
Gotal, known as the Last Nihil on Corellia Bledloe Seven
0%
Ovissian former mercenary, joined the Path of the Open Hand Bokana Koss
0%
Human, Jedi Initiate, paired with both two above Bree
0%
Bonbrak, ally of a mechanic from Valo Breebak
0%
Scalvi, fought back the Crulkon alongside Yoda on Turrak Bree Menaren
0%
Protocol droid, trapped on a failing ship in the Occlusion Zone C-06N
0%
Pau'an, Nihil who helps rig Starlight Beacon to explode Cale
0%
Gloovan sister who guards the Enlightenment with below Camille
0%
Human, Jedi Padawan, vocal cords lost due to accident Cam Lindon
0%
Skembo who attempts to frame Hassarians for an assassination set up by himself Ceeril
0%
Cru, pet to a Mikkian from Trymant IV Cham Cham
0%
Handsy, pet who is killed by the Nihil Chiri
0%
Azumel Jedi Master, turned into a Child of the Storm Cibaba
0%
Human who manages communication for the Path of the Open Hand Cincey
0%
Arkanian Jedi Initiate, trained by "female Yoda" Cippa Tarko
0%
Peasle, criminal who works with a Vuman Clune
0%
Human, prince for the Bethune royal family Colden
0%
Jedi Master of above, killed by the Nihil on Corellia Conithr
0%
Pirate who loves to sing, has a Republic officer on his back Coromont Vizzle
0%
Human Jedi Padawan of above Coron Solstus
0%
Dug, Nihil who helps a former Nihil with eliminating the Eye Crank Flat
0%
Shani, enjoys to eat Bonbraks, arrested Crufeela
0%
Hutt, helps her brother fake his death Dahara Devirsivik Norri
0%
Human Jedi Padawan, trained by Thisspiasian Jedi Master Dal Azim
0%
Human son of above, hyperspace prospector in training Dass Leffbruk
0%
Cyborg, killed by Eriaduan soldiers during the Battle of Kur Dellex
0%
Gloovan sister who guards the Enlightenment with above Delphine
0%
Weequay member of the Path of the Open Hand, killed on Jedha Delwin
0%
Human, Cloud for the Nihil, perishes due to Jedi Dent
0%
Human Jedi Knight, took the Barash Vow Dez Rydan
0%
Female pathfinder who flew the Umberfall Dietrix Jago
0%
Corellian who runs a bodyguard agency, killed by Nihil Dizcaro
0%
Medic for the Republic, befriended another Jedi Dorian Innes
0%
Segredo, apprentice to the monster hunter above Drewen Qweebjillan
0%
Human, joins the Nihil after her planet is attacked Driggit Parse
0%
Muun, member of the Dank Graks, rarely speaks Drrn
0%
Large-headed alien, went missing on Starlight Beacon Dwint Parsopalton
0%
Togruta, queen of the planet Shili Elarec Yovet
0%
Caamasi Jedi Master, served on High Council Ela Sutan
0%
Human, trapped on a failing ship in the Occlusion Zone Elping Tsoo
0%
Represents the Disciple of the Whills in the Convocation of the Force Elris Florent
0%
Human Jedi Padawan of above Enya Keen
0%
Human, member of the Jedi Order, helped extract prisoners from a prison ship Eoin Gorcan
0%
Mon Calamari Jedi Master, served on the High Council Ephru Shinn
0%
Human, married to above, lives on Elphrona Erika Blythe
0%
Human, Jedi Master who is kidnapped twice Eve Byre
0%
EX droid for Outer Rim Expedition Two-Five-Two EX-8C
0%
Grindalid, member of the Garavult Clan on Corellia Ezvangolt
0%
Kessarine member of the Path of the Open Hand Fel Ix
0%
Dressellian archivist on Jedha and secretly a villain Feric Oranalli
0%
Kessarine member of the Path of the Open Hand Ferize
0%
Bonbrak, friend of a mechanic on Valo Fezmix
0%
Dowutin, member of the Supreme Coronet City Diplomat Protection Fezzonk
0%
Duros, shady civilian who resides on Eiram Fido Blick
0%
Leader of the Pilgrim Warriors for above on Angcord First Pilgrim
0%
Human, member of the Jedi Order, fought on Eriadu Fleur Ridleg
0%
Cragmoloid, killed by the below individual on Jedha Flim
0%
Altiri, father of the above individual, husband to below individual Galdrim
0%
Gamorrean, betrays the two above, killed not long after Garank
0%
Human Jedi Initiate, lost his best friend to the Nihil Gavi Takitaken
0%
Human Jedi Knight, fought on Dalna Gella Nattai
0%
Mon Calamari chief of security for Starlight Beacon Ghal Tarpfen
0%
Anacondan chief of medical operations for Starlight Beacon Gino'le
0%
Shani, professor, scientist and mentor Glenna Kip
0%
Latero, Jedi Master who helps the Jedi on Sedri Minor Goonral Monshi
0%
Human, Jedi Master, skilled at carving lightsabers Govena
0%
Chevin, killed by Eriaduan soldiers during the Battle of Kur Gravhan
0%
Leader of the Drengir, thought dead several times Great Progenitor
0%
Britarro member of a Pathfinder team Grint Rupar
0%
Elderly Jedi Master, stationed on the Voyager Dawn Griswal
0%
Astromech droid who serves as a Pathfinder GT-11
0%
Droid who serves a Tempest Runner, employed as a body double H7-09
0%
Theelin, vice president for the planet Dalna Hackrack Bep
0%
Twi'lek, member of the first family on Aaloth Haleen
0%
Gran Jedi Master, assisted Jedi on Jedha Har'kin
0%
Heliko, joined the Nihil after her parents died Haze Delik
0%
Mikkian Jedi Master, sparred with Ikkrukkian Helion Volte
0%
Human, Jedi Master situated in the Jedi Temple Holden
0%
Human, former bounty hunter, turned into a Child of the Storm H'Tar
0%
Neimoidian, former captain for Valo, later joins Nihil Idrax Snat
0%
Twi'lek, member of the first family on Aaloth Inun
0%
Human, member of the Jedi Order, helped extract prisoners from a prison ship Iric Lams
0%
Abednedo, senator who represented Abednedo Isedwa Chuwant
0%
Nikto, former guard for the Hutt Clan, becomes friends with the Jedi Ishnar Ti-Kharatal
0%
Hutt, works to profit off the Drengir on Nal Hutta Jabba Desilijic Tiure
0%
Tarsunt, secret spy and informant for the Nihil Jackaby
0%
Pantoran, ambassador for the planet Dalna Janex
0%
Nautolan, bodyguard for a Nihil until death Jara
0%
Human, lieutenant on the Legacy Run Jary Bowman
0%
Human sheriff who protects Dalna Jinx Pickwick
0%
Human, Valon who is in love with the chancellor's son Jom Lariin
0%
Jedi Master of Sav Malagán, has crazy hair Kaktorf
0%
Artiodac, works for the Hutt Clan on Sedri Minor Kalo Sulman
0%
Quermian, cadet on the Legacy Run Kalwar
0%
Twi'lek engineer for a Pathfinder team Kam
0%
Weequay member of the Path of the Open Hand Kane
0%
Ximpi, lives on the planet Shuraden alongside below Ximpi Kanrii
0%
Droid who assists the individual in charge of operations on Starlight Beacon KC-78
0%
Human Jedi Master, served on the High Council Keaton Murag
0%
Human, undercover Republic spy on Coruscant Keefar Branto
0%
Human Jedi Padawan, shot dead on Banchii Keerin Fionn
0%
Human Temple of the Kyber worker who is killed during the Battle of Jedha Keth Cerepath
0%
Ayrou, represents the Church of the Force in the Convocation of the Force Kilan T'Dara
0%
Alcedian Jedi Initiate, friends with above and below Kildo
0%
Jedi Master, has wounds on chest, originally had blue hair Kirak Infil'a
0%
Crulkon, second in charge of attacks on the Scalvi Klask
0%
Kuranu, inventor who creates a nullifier device Klerin Chekkat
0%
Zeltron Jedi Padawan, taken over by dark-side spirits and killed by master Klias Teradine
0%
Human, farmer who is turned to wood by Drengir Kooba
0%
Nautolan, daughter of high ranking member in the Path of the Open Hand Kor Plouth
0%
Villarandi owner and bartender of the Enlightenment on Jedha Kradon Minst
0%
Evereni, secretly watches over the most powerful Nameless Kufa
0%
Ongree, Jedi Master for a mechanic Jedi on Valo Kunpar Vasivola
0%
Human, leader of the planet Angcord Lady of Angcord
0%
Leader of Garello Technologies, perishes by the Nihil Larence Garello
0%
Kalleran, favorable Vice Chancellor for the Galactic Republic Larep Reza
0%
Human Jedi Master, trained an Umbaran Jedi Laret Soveral
0%
Crazy Cosian pilot for the Dank Graks Lavalox Verzen
0%
Selonian Jedi Master, killed during the Battle of Jedha Leebon
0%
Human Jedi Master, captured and escaped from pirates Lee Harro
0%
Ximpi, lives on the planet Shuraden alongside above Ximpi Lekaki
0%
Altiri, brought into the Jedi Order after parents died Lene Kostana
0%
Human, Nihil who helps rig Starlight Beacon to explode Leyel
0%
Human, ambassador for the planet Eiram on Jedha Lian Cerox
0%
Human Jedi Master, watched over Banchii Lily Tora-Asi
0%
Hutt, plays fowl pranks on his brother Lorko
0%
Human Republic guard for two Jedi on Dalna Lu Sweet
0%
Lonto, turned into a Child of the Storm Lycos
0%
Kel Dor Jedi Master, saved a Hynestian royal family Lynela Kabe-Oyu
0%
Human Jedi Archivist of the Dalna Jedi temple Lyssa Votz
0%
Kuranu, mother of above who is killed on Valo by a hragscythe Mantessa Chekkat
0%
Nikto, leader of a Cloud for the Nihil Marlem Glay
0%
Nihil who serves the Ministry of Protection, causes chaos on the Stormwall Melis Shryke
0%
Human, member of the Guardian of the Whills, used a crossbow Mesook
0%
Human Jedi Master, killed by a Nameless on Angoth Mirro Lox
0%
Human, assisted a Mirialan Jedi on Khofar and Brendok Mog Adana
0%
Twi'lek former pirate who visits the Enlightenment Moona
0%
Human who oversees the peace treaty between Eiram and E'ronoh on Jedha Morton San Tekka
0%
Gloovan Nihil who survived a gashing wound to body Muglan
0%
Human, governor of the planet Eriadu Mural Veen
0%
Hutt warlord, helps the Jedi fight the Drengir on Sedri Minor Myarga Anjiliac Atirue
0%
Human, leader of the Brotherhood of the Ninth Door on Jedha Mytion
0%
Human child member of the Path of the Open Hand Naddie
0%
Sullustan, co-pilot for the Switchback Neeto Janajana
0%
Human Jedi Initiate, stationed on Banchii Nima Allets
0%
Umbaran, member of the Nihil Ministry of Advancement Niv Drendow Apruk
0%
Urodel Jedi Padawan, trained by a Mirialan Nooa
0%
Twi'lek Jedi Master, head of the Dalna Jedi temple Nyla Quinn
0%
Mirialan medic who serves on the Umberfall Obik Dennisol
0%
Shistavanen, captain for the above, also perishes by the Nihil Odabba
0%
One of two queens of the planet Eiram Odelia
0%
Falleen captain in the Guardian of the Whills Oklane Viss
0%
Ottegan criminal who works for the Hutt Clan Ola Hest
0%
Human member of the Path of the Open Hand Old Waiden
0%
Nautolan, husband is member of the Path of the Open Hand Opari Plouth
0%
Talpini, member within the Nihil, friends with above Ordo
0%
Human Jedi Master, killed on Dalna Orin Darhga
0%
Human, father of two, lives on Elphrona Ottoh Blythe
0%
Member of the Supreme Coronet City Diplomat Protection, weighs 100 kilos Ovarto Bitolo-Bash
0%
Human, Corellian Finance Minister who helps the Nihil Ovus Buckell
0%
Church droid of above, speaks only in holy texts P3-7A
0%
Nikto Pathfinder pilot for the Witherbloom Pako
0%
Toydarian, assistant for the above individual Pall Sleko
0%
Talpini, guards an imprisoned GoNet journalist Petrik
0%
Human, heir to the royal family from Eiram, in love with above Phan-tu Zenn
0%
Sullustan dock worker on the planet Jedha Piralli
0%
Iktotchi Republic guard for two Jedi on Dalna Priv Ittik
0%
Amani, scientist for the Galactic Agricultural Alliance Prot Xan
0%
Grindalid, member of the Garavult Clan on Corellia Proxima
0%
Grindalid, member of the Supreme Coronet City Diplomat Protection Prybolt Garavult
0%
Human who was rescued by pirate above, usually quiet Quiet Shan
0%
Bivall, falls in love with a former Tempest Runner Quin
0%
Lamproid, leads the Jedi to the planet Grizal Quin Amarant
0%
Halisite, betrays the Nihil in order to help the Jedi Quith Meglar
0%
Astromech droid, employed under a monster hunter R0-VR
0%
Jedi from Eiram, dies on Palagosal Raa-lyn Las
0%
Human hyperspace prospector who loves to gamble Radicaz Dobbs
0%
Galactic Republic officer who watches over above Rado
0%
Human inspector and pirate hunter, owns a pet Corellian hound Raf Thatchburn
0%
Human, Jedi Knigth who dies from Force exhaustion Rah Barocci
0%
Human, Jedi Padawan who perishes on Starlight Beacon Rardal Balnar
0%
Human Jedi Master, trained a Wookiee Jedi Ravna Abronsa
0%
Human, senator who questions the Jedi and their actions Rayencourt
0%
Rodent-like alien, helps the Father with his experiments Reek
0%
Human Jedi Master, perished on Starlight Beacon Regald Coll
0%
Human supporter for the Path of the Open Hand Regnar Pulip
0%
Vollka pet for the above individual Remy
0%
Crulkon, led an attack on the Scalvi on Turrak Riak
0%
Zeltron journalists, goes to Dalna to investigate a criminal organization Ric Farazi
0%
Human head of operations for Starlight Beacon Rodor Keen
0%
Human Jedi Master, Pathfinder who encounter a Nameless Rok Buran
0%
Acquisition negotiator for the Czerka Corporation Romila Kaveh
0%
Human, son of above, lives on Elphrona Ronn Blythe
0%
Human Jedi Padawan, sees the Force in colors Rooper Nitani
0%
Inesctoid, turned into a Child of the Storm Rrkak
0%
Imroosian Jedi Archivist, stationed on Banchii Ru-Ru
0%
Lucem, former Jedi who joins the Supreme Coronet City Diplomat Protection Ruu
0%
Ongree Jedi Master, used to sing lullabies to Jedi Ruusstha Vidyarvrikt
0%
Founded the Path of the Open Hand Sachar Rold
0%
Human, president for the planet Dalna Sachary Jeffington
0%
Human pilot for a Pathfinder team Sallee Ooph
0%
Valon, has a secret intimate relationship with a Jedi on Valo Samera Ra-oon
0%
Human, perished by a Nameless on Ballum Santar
0%
Gloovan Nihil Storm who is killed over Cyclor Sarn Starbreaker
0%
Human, Nihil, forms together with a Drengir seed Saxl Neth
0%
Zabrak, pilot of the Grim Devourer for the Dank Graks Saya Keem
0%
Human child passenger aboard the Legacy Run Serj Ukkarian
0%
Human member of the Path of the Open Hand, killed by a Nameless Shalish
0%
Pantoran, apprentice for the military on Dalna Sha'nai Plouth
0%
Human engineer in the Path of the Open Hand Shea Ganandra
0%
Tholothian, Jedi Master head of the Malastare Jedi Temple Shko Emouk
0%
Banchiian, friend and ally of the Jedi who are stationed on Banchii Shosho
0%
Anzellan, engineer who founded the Chandrila Charter Company Shug Drabor
0%
Human, private investigator who works on Coruscant Sian Holt
0%
Human, former Brother of the Ninth Door, turned into a Child of the Storm Sicarus
0%
Human, princess for the Bethune royal family Sicatra
0%
Human, represents the Fallanassi in the Convocation of the Force Sirené
0%
Droid, owned by two above, now owned by a Sephi SK-0T
0%
Hutt, sister of above who fights alongside the Jedi on Ballum Skarabda
0%
Arcona, member of the Supreme Coronet City Diplomat Protection Smeemarm
0%
Human hyperspace prospector who was betrayed by above Spence Leffbruk
0%
Ambassador for the planet Dalna Starstriker
0%
Altiri, wife to above individual, killed alongside them on Temerané Sula
0%
Human Jedi Master, sacrifices her life to a Nameless Sula Badani
0%
Cerean, accompanies the Jedi to Mynos III Sul-Nath-Rune
0%
Lonto, represents herself and her people in the Convocation of the Force Susalee
0%
Taymar, famous singer who is in love with above individual Svi'no Atchapat
0%
Human, pilot for the Switchback, mother joined the Nihil Sylvestri Yarrow
0%
Dug Jedi Master, presumably perished on Starlight Beacon Tabakan Pak
0%
Savrip, member of the Supreme Coronet City Diplomat Protection Tamo
0%
Zabrak, daughter of a famous Zabrak pirate Tanana Keem
0%
Wookiee, member of the Supreme Coronet City Diplomat Protection Tangor
0%
Togruta, member of the Jedi Order, fought on Eriadu Tani Briwill
0%
Human, represents the Sorcerers of Tund in the Convocation of the Force Tarna Miak
0%
Cathar Nihil Storm who works for a Twi'lek Tempest Runner Tasia
0%
Zygerrian, Padawan of a now deceased Jedi Tasi Lowa
0%
Chadra-Fan, wife of above, killed in action Teemank
0%
Bonbrak, rescued on the planet Corellia Teetak
0%
Human Jedi Master, served on the High Council Teri Rosason
0%
Sephi, represents the Guardian of the Whills in the Convocation of the Force Tey Sirrek
0%
Gungan, professor who studied in hyperspace physics Thaddeus Wolk
0%
Human Nihil who serves as an attendant for the Eye Thaya Ferr
0%
Nihil disgraced enforcer, runs a prison ship The Warden
0%
Bonbrak, ally of a mechanic from Valo Tip
0%
Togruta, Jedi Initiate, paired with above and below Toko
0%
Translator for the Czerka Corporation Tolor Patewick
0%
Human, field marshal for the Bethune royal family Tozen
0%
Mon Calamari, opera singer Trangess Conserra
0%
Mikkian member of the Path of the Open Hand Treze
0%
Gran member of the Path of the Open Hand Tromak
0%
Narquois, criminal who is shot dead alongside above on Coruscant Urk Panga
0%
Aqualish, creator of the Klaxxon alarm and Innovator Vam Targes
0%
Vuman, criminal who is being controlled by the Nihil Vane Sarpo
0%
Grindalid, member of the Garavult Clan on Corellia Vanizma
0%
Human, Nihil who oversees Valo after Starlight Beacon falls Vark Tarpalin
0%
Worker on the Hetzal monitoring satellite, friend and co-worker of above Vel Caraan
0%
Soikan administrator for Starlight Beacon Velko Jahen
0%
Arkanian, trapped on a failing ship in the Occlusion Zone Visma Tarko
0%
Togruta Jedi Initiate, stationed on Banchii Viv'nia Nia'viv
0%
Twi'lek Jedi Padawan of above Vix Fonnick
0%
Human Jedi Master assisted Jedi on Jedha Vohlan
0%
Harch, bounty hunter who helps the Nihil Vol Garat
0%
Ithorian, Nihil who helps rig Starlight Beacon to explode Werrera
0%
Rodian member of the Path of the Open Hand Wole
0%
Bith Jedi Master, served on High Council Xinith Tarl
0%
Human Jedi Knight of the Dalna Jedi temple Yacek Sparkburn
0%
Ithorian, scientist for the Galactic Agricultural Alliance Yomo Vrex
0%
Human doctor within the Nihil Zadina Mkampa
0%
Human Storm within the Nihil, liked by the Eye Zagyar
0%
Soikan Jedi Master, perished on Dalna with her Padawan Zallah Macri
0%
Zeltron, Jedi Padawan, killed by a Nameless Zaph Mora
0%
Human Nihil who plants Drengir seeds on Banchii Zaret
0%
Grindalid, member of the Garavult Clan on Corellia Zazima
0%
Force-sensitive three-eyed alien from Astenban Zimtok
0%
Aloxian, Jedi Initiate in the Order Zint
0%
Talpiddian, archivist on Jedha, killed in a bombing Zumeg
0%
Zabrak, child of above, helps Jedi on Valo Zyle Keem
0%
ZZ droid assigned to Ravna Abronsa ZZ-10
0%
No matching quizzes found
Score Distribution
Percent of People with Each Score
Percentile by Number Answered
Your Score History
You have not taken this quiz